Vliv likvidity a rentability na využití zdrojů financování ve zpracovatelských podnicích v zemích V4
Analýza pozitívneho funkčného vzťahu medzi nezávislými veličinami (likviditou a rentabilitou) a závislou veličinou (využitím cudzích zdrojov financovania) v podnikoch spracovateľského priemyslu v krajinách Vyšehrádskej štvorky v rpkoch 2006 až 2013.
Salvato in:
| Autore principale: | |
|---|---|
| Natura: | Capitolo di libro |
| Lingua: | ceco |
| Soggetti: | |
| Tags: |
Nessun Tag, puoi essere il primo ad aggiungerne!!
|
MARC
| LEADER | 00000naa a2200000 4500 | ||
|---|---|---|---|
| 001 | 0211576 | ||
| 005 | 20231128132123.9 | ||
| 041 | 0 | |a cze | |
| 044 | |a CZ | ||
| 245 | 1 | 0 | |a Vliv likvidity a rentability na využití zdrojů financování ve zpracovatelských podnicích v zemích V4 |c Petra Růžičková |
| 520 | |a Analýza pozitívneho funkčného vzťahu medzi nezávislými veličinami (likviditou a rentabilitou) a závislou veličinou (využitím cudzích zdrojov financovania) v podnikoch spracovateľského priemyslu v krajinách Vyšehrádskej štvorky v rpkoch 2006 až 2013. | ||
| 610 | 2 | 0 | |a Vyšehradská štvorka |
| 610 | 2 | 0 | |a priemysel spracovateľský |
| 610 | 2 | 0 | |a likvidita |
| 610 | 2 | 0 | |a rentabilita |
| 610 | 2 | 0 | |a analýza regresná |
| 610 | 2 | 0 | |a zdroje finančné cudzie |
| 610 | 2 | 0 | |a zdroje finančné vlastné |
| 100 | 1 | |a Růžičková, Petra | |